000 00502nam a2200181Ia 4500
001 16398
005 20260306170306.0
008 260306t2017||||xx |||||||||||||| ||und||
041 _aESP
082 _a348.56
_bC243
100 _aCieza Mora, Jairo
_eAUT
245 0 _aLas técnicas de reproducción humana asistida:
_bel impacto y la necesidad de una regulación en el Perú
260 _c2017
300 _a351 páginas :
_c25 cm.
650 _aGEN
654 _aCDE
942 _cLIB
_dJUS
_fJUS
_2ddc
_n
999 _c16398
_d16398